الاسلام: (Record no. 14200)
[ view plain ]
| 000 -LEADER | |
|---|---|
| fixed length control field | 00937nam a22001937a 4500 |
| 008 - FIXED-LENGTH DATA ELEMENTS--GENERAL INFORMATION | |
| fixed length control field | 100624t xxu||||| |||| 00| 0 eng d |
| 082 ## - DEWEY DECIMAL CLASSIFICATION NUMBER | |
| Edition number | 22 |
| Classification number | 210 |
| Item number | ك ا س |
| 100 ## - MAIN ENTRY--PERSONAL NAME | |
| 9 (RLIN) | 15164 |
| Personal name | كاستري، هنري دي |
| 245 ## - TITLE STATEMENT | |
| Title | الاسلام: |
| Remainder of title | خواطر وسوانح / |
| Statement of responsibility, etc | تأليف هنري دي كاستري؛ ترجمه من اللغة الفرنساوية أحمد فتحي زغلول |
| 260 ## - PUBLICATION, DISTRIBUTION, ETC. (IMPRINT) | |
| Place of publication, distribution, etc | القاهرة: |
| Name of publisher, distributor, etc | دار الفرجاني،[1898?] |
| Date of publication, distribution, etc | [1898?] |
| 300 ## - PHYSICAL DESCRIPTION | |
| Extent | 144 ص ؛ |
| Dimensions | 24 سم |
| 500 ## - GENERAL NOTE | |
| General note | العنوان الأصلي: L'Islam, impressions et etudes |
| 541 ## - IMMEDIATE SOURCE OF ACQUISITION NOTE | |
| Source of acquisition | ؛ علاء عبد الغني |
| 650 ## - SUBJECT ADDED ENTRY--TOPICAL TERM | |
| 9 (RLIN) | 13667 |
| Topical term or geographic name as entry element | الإسلام |
| 650 ## - SUBJECT ADDED ENTRY--TOPICAL TERM | |
| 9 (RLIN) | 15170 |
| Topical term or geographic name as entry element | المسلمون |
| 700 ## - ADDED ENTRY--PERSONAL NAME | |
| 9 (RLIN) | 15165 |
| Personal name | زغلول، أحمد فتحي |
| 942 ## - ADDED ENTRY ELEMENTS (KOHA) | |
| Source of classification or shelving scheme | Dewey Decimal Classification |
| Item type | Book - Borrowing |
| Withdrawn status | Item status | Source of classification or shelving scheme | Damaged status | Not for loan | Vendor | Home library | Current library | Shelving location | Date acquired | Source of acquisition | Total Checkouts | Full call number | Barcode | Date last seen | Koha item type |
|---|---|---|---|---|---|---|---|---|---|---|---|---|---|---|---|
| Dewey Decimal Classification | Central Library | Central Library | Lower Floor | 24/06/2010 | 210 كاس | 000021166 | 15/07/2025 | Book - Borrowing |